Missing Word: Crayola Crayons Quiz Stats

 Plays Quiz Updated May 17, 2017

Support Sporcle.
Go Orange.
Score 0/20 Timer 03:00
1 Play Today
Color Missing Word % Correct
Unmellow ______Yellow
95.7%
______ Smith AppleGranny
90.8%
Cadet ____Blue
77.1%
Robin ___ BlueEgg
74.5%
Tropical Rain ______Forest
69%
Inch ____Worm
66.4%
Cotton _____Candy
65.9%
Screamin' _____Green
64.3%
Outrageous ______Orange
64%
________ and CheeseMacaroni
61.3%
Color Missing Word % Correct
______ Dazzle RoseRazzle
59.9%
Purple Mountain's _______Majesty
55.4%
______ Me PinkTickle
55.3%
Outer _____Space
54%
Fuzzy _____ BrownWuzzy
43.3%
Wild Blue ______Yonder
43.2%
Raw ______Sienna
15.2%
Laser _____Lemon
12.4%
____ WatermelonWild
10%
Banana _____Mania
5.8%

Today's Daily Dose

You're not logged in!

Compare scores with friends on all Sporcle quizzes.
OR
Log In
Forgot?

From the Vault

Subcategory Sort: Auto Racing, Rugby, or Soccer

by BookishGirl98

Why not just do them all at once? It's just efficient.
Remove Ads.
Support Sporcle.
Get the best of Sporcle when you Go Orange. This ad-free experience offers more features, more stats, and more fun while also helping to support Sporcle. Thank you for becoming a member.

Show Comments

Extras

Top Quizzes Today


Score Distribution

Your Account Isn't Verified!

In order to create a playlist on Sporcle, you need to verify the email address you used during registration. Go to your Sporcle Settings to finish the process.

Report this User

Report this user for behavior that violates our Community Guidelines.

Details: